000 00835cad a22001935a 4500
001 L153420
008 110722s2011 xxk 000 0 eng d
035 _a(Sirsi) u153420
041 0 _aeng
110 2 _aEC Harris
_94930
245 0 0 _aMarket view UK
_bspring 2011, London commercial activity pushing ahead while the rest of the UK lies in doldrums
_h[electronic resource]
260 _a[S.l.]
_bECHarris
_c2011
520 _aKey facts, graphs of construction output v tender price index (April 2010), infrastructure, commodity price rises still adding to pressure on contractors.
590 _aKA
651 4 _aUnited Kingdom
_y
690 _aBUILT ENVIRONMENT-CONSTRUCTION MARKET
856 4 0 _uhttps://www.echarris.com/pdf/7961_Market%20View_Spring%202011_V5.pdf
_zView the item free of charge at www.echarris.com
942 _n0
999 _c112509
_d112509